<?xml version="1.0" encoding="UTF-8"?>
<record
    xmlns:xsi="http://www.w3.org/2001/XMLSchema-instance"
    xsi:schemaLocation="http://www.loc.gov/MARC21/slim http://www.loc.gov/standards/marcxml/schema/MARC21slim.xsd"
    xmlns="http://www.loc.gov/MARC21/slim">

  <leader>02982cam a2200361 i 4500</leader>
  <controlfield tag="001">13188446</controlfield>
  <controlfield tag="003">EG-ScBUE</controlfield>
  <controlfield tag="005">20240521121824.0</controlfield>
  <controlfield tag="008">160804t2017    nyua   f b    001 0 eng d</controlfield>
  <datafield tag="020" ind1=" " ind2=" ">
    <subfield code="a">1259921611</subfield>
  </datafield>
  <datafield tag="020" ind1=" " ind2=" ">
    <subfield code="z">9781259921612</subfield>
  </datafield>
  <datafield tag="035" ind1=" " ind2=" ">
    <subfield code="a">13188446</subfield>
  </datafield>
  <datafield tag="040" ind1=" " ind2=" ">
    <subfield code="a">NLM</subfield>
    <subfield code="b">eng</subfield>
    <subfield code="e">rda</subfield>
    <subfield code="c">NLM</subfield>
    <subfield code="d">BTCTA</subfield>
    <subfield code="d">MHY</subfield>
    <subfield code="d">UPM</subfield>
    <subfield code="d">OCLCF</subfield>
    <subfield code="d">UV0</subfield>
    <subfield code="d">CDX</subfield>
    <subfield code="d">OHS</subfield>
    <subfield code="d">UAB</subfield>
    <subfield code="d">MU9</subfield>
    <subfield code="d">YDXCP</subfield>
    <subfield code="d">NLM</subfield>
    <subfield code="d">OCLCO</subfield>
    <subfield code="d">EG-ScBUE</subfield>
  </datafield>
  <datafield tag="082" ind1="0" ind2="4">
    <subfield code="a">611.8</subfield>
    <subfield code="2">22</subfield>
    <subfield code="b">WAX</subfield>
  </datafield>
  <datafield tag="100" ind1="1" ind2=" ">
    <subfield code="a">Waxman, Stephen G.,</subfield>
    <subfield code="e">author.</subfield>
  </datafield>
  <datafield tag="245" ind1="1" ind2="0">
    <subfield code="a">Clinical neuroanatomy /</subfield>
    <subfield code="c">Stephen G. Waxman, MD, PhD, bridget marie flaherty professor of neurology, neurobiology, pharmacology, director, Center for Neuroscience and Regeneration Research, Yale University School of Medicine, New Haven, Connecticut.</subfield>
  </datafield>
  <datafield tag="250" ind1=" " ind2=" ">
    <subfield code="a">Twenty-eighth edition.</subfield>
  </datafield>
  <datafield tag="264" ind1=" " ind2="1">
    <subfield code="a">New York :</subfield>
    <subfield code="b">McGraw-Hill Education,</subfield>
    <subfield code="c">[2017]</subfield>
  </datafield>
  <datafield tag="264" ind1=" " ind2="4">
    <subfield code="c">c2017</subfield>
  </datafield>
  <datafield tag="300" ind1=" " ind2=" ">
    <subfield code="a">xi, 362 pages :</subfield>
    <subfield code="b">illustrations (chiefly color) ;</subfield>
    <subfield code="c">28 cm</subfield>
  </datafield>
  <datafield tag="336" ind1=" " ind2=" ">
    <subfield code="a">text</subfield>
    <subfield code="b">txt</subfield>
    <subfield code="2">rdacontent</subfield>
  </datafield>
  <datafield tag="337" ind1=" " ind2=" ">
    <subfield code="a">unmediated</subfield>
    <subfield code="b">n</subfield>
    <subfield code="2">rdamedia</subfield>
  </datafield>
  <datafield tag="338" ind1=" " ind2=" ">
    <subfield code="a">volume</subfield>
    <subfield code="b">nc</subfield>
    <subfield code="2">rdacarrier</subfield>
  </datafield>
  <datafield tag="500" ind1=" " ind2=" ">
    <subfield code="a">"A Lange medical book."</subfield>
  </datafield>
  <datafield tag="504" ind1=" " ind2=" ">
    <subfield code="a">Includes bibliographical references and index.</subfield>
  </datafield>
  <datafield tag="505" ind1="0" ind2=" ">
    <subfield code="a">Section I: Basic principles -- Fundamentals of the nervous system -- Development and cellular constituents of the nervous system -- Signaling in the nervous system -- Section II: Introduction to clinical thinking -- The relationship between neuroanatomy and neurology -- Section III: Spinal cord and spine -- The spinal cord -- The vertebral column and other structures surrounding the spinal cord -- Section IV: Anatomy of the brain -- The brain stem and cerebellum -- Cranial nerves and pathways -- Diencephalon -- Cerebral hemispheres/Telencephalon -- Ventricles and coverings of the brain -- Vascular supply of the brain -- Section V: Functional systems -- Control of movement -- Somatosensory systems -- The visual system -- The auditory system -- The vestibular system -- The reticular formation -- The limbic system -- The autonomic nervous system -- Higher cortical functions -- Section VI: Diagnostic aids -- Imaging of the brain -- Electrodiagnostic tests -- Cerebrospinal fluid examination -- Section VII: Discussion of cases -- Discussion of cases -- Appendix A: The neurologic examination -- Appendix B: Testing muscle function -- Appendix C: Spinal nerves and plexuses -- Appendix D: Questions and answers.</subfield>
  </datafield>
  <datafield tag="520" ind1=" " ind2=" ">
    <subfield code="a">"Clinical Neuroanatomy, Twenty-Eighth Edition offers an accessible, easy-to-remember synopsis of neuroanatomy and its functional and clinical implications. Since many of us learn and remember better when material is presented visually, this acclaimed resource includes not only clinical material such as brain scans and pathological specimens, but also hundreds of diagrams and tables that are designed to be clear and memorable."--Back cover.</subfield>
  </datafield>
  <datafield tag="650" ind1=" " ind2="7">
    <subfield code="a">Neuroanatomy.</subfield>
    <subfield code="2">BUEsh</subfield>
  </datafield>
  <datafield tag="653" ind1=" " ind2=" ">
    <subfield code="c">May2024</subfield>
    <subfield code="b">PT</subfield>
  </datafield>
  <datafield tag="655" ind1=" " ind2=" ">
    <subfield code="v">Reading book</subfield>
  </datafield>
  <datafield tag="942" ind1=" " ind2=" ">
    <subfield code="2">ddc</subfield>
    <subfield code="c">BB</subfield>
  </datafield>
  <datafield tag="949" ind1=" " ind2=" ">
    <subfield code="a">YUM</subfield>
    <subfield code="x">DO NOT DELETE 949.</subfield>
  </datafield>
  <datafield tag="999" ind1=" " ind2=" ">
    <subfield code="c">30745</subfield>
    <subfield code="d">30716</subfield>
  </datafield>
  <datafield tag="952" ind1=" " ind2=" ">
    <subfield code="0">0</subfield>
    <subfield code="1">0</subfield>
    <subfield code="2">ddc</subfield>
    <subfield code="4">0</subfield>
    <subfield code="7">0</subfield>
    <subfield code="8">Baccah</subfield>
    <subfield code="a">MAIN</subfield>
    <subfield code="b">MAIN</subfield>
    <subfield code="c">1ST</subfield>
    <subfield code="d">2024-05-21</subfield>
    <subfield code="e">Purchase</subfield>
    <subfield code="g">835.00</subfield>
    <subfield code="h">38223</subfield>
    <subfield code="l">0</subfield>
    <subfield code="o">611.8 WAX</subfield>
    <subfield code="p">000057099</subfield>
    <subfield code="r">2025-07-15 00:00:00</subfield>
    <subfield code="v">1044.00</subfield>
    <subfield code="w">2024-05-21</subfield>
    <subfield code="y">BB</subfield>
  </datafield>
</record>
